Mosby's Nursing Drug Referance (Record no. 369424)
[ view plain ]
| 000 -LEADER | |
|---|---|
| fixed length control field | 00494nam a2200181 4500 |
| 005 - DATE AND TIME OF LATEST TRANSACTION | |
| control field | 20251218132604.0 |
| 008 - FIXED-LENGTH DATA ELEMENTS--GENERAL INFORMATION | |
| fixed length control field | 251218b |||||||| |||| 00| 0 eng d |
| 020 ## - INTERNATIONAL STANDARD BOOK NUMBER | |
| International Standard Book Number | 978-81-312-7142-1 |
| 041 ## - LANGUAGE CODE | |
| Language code of text/sound track or separate title | Eng |
| 082 ## - DEWEY DECIMAL CLASSIFICATION NUMBER | |
| Edition number | 39th ed. 2026 |
| Classification number | PH 615.1 SKI |
| Item number | B12085 |
| 100 ## - MAIN ENTRY--PERSONAL NAME | |
| Author | Skidmore Linda |
| 245 ## - TITLE STATEMENT | |
| Title | Mosby's Nursing Drug Referance |
| 250 ## - EDITION STATEMENT | |
| Edition statement | 39th. ed. 2026 |
| 260 ## - PUBLICATION, DISTRIBUTION, ETC. | |
| Place of publication, distribution, etc. | New Delhi |
| Name of publisher, distributor, etc. | Elsevier |
| Date of publication, distribution, etc. | 2026 |
| 300 ## - PHYSICAL DESCRIPTION | |
| Extent | xii,1343p |
| Other physical details | pb |
| Dimensions | 18.2x11cm |
| 365 ## - TRADE PRICE | |
| Price type code | Rupaye |
| Price amount | 2000 |
| Currency code | Rupaye |
| 942 ## - ADDED ENTRY ELEMENTS (KOHA) | |
| Koha item type | Books |
| Withdrawn status | Lost status | Source of classification or shelving scheme | Damaged status | Not for loan | Collection code | Home library | Current library | Date acquired | Vendor | Net Price | Bill number | Total Checkouts | Full call number | Barcode | Date last seen | Discount | Actual Price | Bill Date | Koha item type | Original Barcode | Total Renewals | Date due | Date last checked out |
|---|---|---|---|---|---|---|---|---|---|---|---|---|---|---|---|---|---|---|---|---|---|---|---|
| Dewey Decimal Classification | Reference | Reference | Smt. Bakul Tambat Institute of Nursing Education | Smt. Bakul Tambat Institute of Nursing Education | 04/12/2025 | Patil Medical Book | 1240.00 | 2458 | PH 615.1 SKI B12085 | BTIN-BK-12085 | 18/12/2025 | 38% | 2000.00 | 04/12/2025 | Books | BTIN-BK-12085 | |||||||
| Dewey Decimal Classification | Non-fiction | Smt. Bakul Tambat Institute of Nursing Education | Smt. Bakul Tambat Institute of Nursing Education | 04/12/2025 | Patil Medical Book | 1240.00 | 2458 | 4 | PH 615.1 SKI B12086 | BTIN-BK-12086 | 02/03/2026 | 38% | 2000.00 | 04/12/2025 | Books | BTIN-BK-12086 | 2 | 06/04/2026 | 02/03/2026 | ||||
| Dewey Decimal Classification | Non-fiction | Smt. Bakul Tambat Institute of Nursing Education | Smt. Bakul Tambat Institute of Nursing Education | 04/12/2025 | Patil Medical Book | 1240.00 | 2458 | 4 | PH 615.1 SKI B12087 | BTIN-BK-12087 | 08/05/2026 | 38% | 2000.00 | 04/12/2025 | Books | BTIN-BK-12087 | 2 | 15/05/2026 | 08/05/2026 | ||||
| Dewey Decimal Classification | Non-fiction | Smt. Bakul Tambat Institute of Nursing Education | Smt. Bakul Tambat Institute of Nursing Education | 04/12/2025 | Patil Medical Book | 1240.00 | 2458 | 4 | PH 615.1 SKI B12088 | BTIN-BK-12088 | 12/05/2026 | 38% | 2000.00 | 04/12/2025 | Books | BTIN-BK-12088 | 10/03/2026 | ||||||
| Dewey Decimal Classification | Non-fiction | Smt. Bakul Tambat Institute of Nursing Education | Smt. Bakul Tambat Institute of Nursing Education | 04/12/2025 | Patil Medical Book | 1240.00 | 2458 | 4 | PH 615.1 SKI B12089 | BTIN-BK-12089 | 04/03/2026 | 38% | 2000.00 | 04/12/2025 | Books | BTIN-BK-12089 | 1 | 24/02/2026 |